Racionalizácia konštrukčných sústav v občianskej výstavbe a jej ekonomický dopad záverečná práca postgraduálneho štúdia

Enregistré dans:
Détails bibliographiques
Auteur principal: Marcin, Milan
Collectivité auteur: Vysoká škola ekonomická v Bratislave
Autres auteurs: Svatý, F.
Format: Livre
Langue:slovaque
Publié: Bratislava 1987
Tags: Ajouter un tag
Pas de tags, Soyez le premier à ajouter un tag!

MARC

LEADER 00000nam a2200000 4500
001 c023530
005 20221219095053.3
041 0 |a slo 
044 |a SK 
245 1 0 |a Racionalizácia konštrukčných sústav v občianskej výstavbe a jej ekonomický dopad  |b záverečná práca postgraduálneho štúdia  |c Milan Marcin ; Ved. práce F. Svatý 
264 1 |a Bratislava  |c 1987 
300 |a 59 s. 
100 1 |a Marcin, Milan 
700 1 |a Svatý, F. 
710 2 |a Vysoká škola ekonomická v Bratislave